| 000 | nam a22 7a 4500 | ||
|---|---|---|---|
| 999 |
_c29390 _d29390 |
||
| 008 | 171205b xxu||||| |||| 00| 0 eng d | ||
| 020 | _a9789966467126 | ||
| 050 | _aPL 8703 .N33 2014 | ||
| 100 | _aNdalu, Ahmed E. | ||
| 245 |
_aKamusi ya vitendawili na mafumbo/ _cAhmed E. Ndalu; Henrietta M. Ikambili |
||
| 260 |
_aNairobi : _bE.A.E.P., _c2014. |
||
| 300 | _a111 pages : illustrations ; 21 cm | ||
| 650 | _aSwahili language | ||
| 700 | _aIkambili, Henrietta M. | ||
| 942 |
_2lcc _cAFRICANA _hPL 8703 .N33 2014 _02 |
||